Missing Word: Hip-Hop Albums (A-Z) Quiz Stats

 Plays Quiz Updated Dec 16, 2017

Score 0/24 Timer 02:00
0 Plays Today
Album & Artist Word % Correct
____ Eyez on Me
2Pac
All
98.8%
____ Rich or Die Tryin'
50 Cent
Get
93.4%
Straight ____ Compton
NWA
Outta
90.9%
AmeriKKKa's Most ____
Ice Cube
Wanted
78.9%
____ One Can do it Better
The D.O.C
No
78.1%
If ____ Reading This It's Too Late
Drake
You're
77.5%
The College ____
Kanye West
Dropout
77.4%
Paid in ____
Eric B. & Rakim
Full
76.6%
Good ____, M.A.A.D City
Kendrick Lamar
Kid
72.8%
The ____ Album
Jay-Z
Black
71.9%
3 Feet ____ and Rising
De La Soul
High
69.8%
____ to Die
The Notorious B.I.G.
Ready
69%
Album & Artist Word % Correct
___ the Wu-Tang (36 Chambers)
Wu-Tang Clan
Enter
67.6%
Licensed to ____
Beastie Boys
Ill
62.1%
_____ Grammar
Nelly
Country
60%
Thug Life: ____ 1
Thug Life
Volume
46.5%
____ Fall Apart
The Roots
Things
39%
The ____ End Theory
A Tribe Called Quest
Low
35.8%
____ Control
Jurassic 5
Quality
31.3%
Liquid ____
GZA
Swords
28.1%
____ Kingz
UGK
Underground
26.5%
Fear of a Black ____
Public Enemy
Planet
26.1%
Criminal ____
Boogie Down Productions
Minded
14.6%
____ Hell
Mobb Deep
Juvenile
9.2%

Today's Daily Dose

You're not logged in!

Compare scores with friends on all Sporcle quizzes.
OR
Log In

Show Comments

Extras

Top Quizzes Today


Score Distribution

Your Account Isn't Verified!

In order to create a playlist on Sporcle, you need to verify the email address you used during registration. Go to your Sporcle Settings to finish the process.

Report this User

Report this user for behavior that violates our Community Guidelines.

Details: